000 00993nam a22002537a 4500
005 20170124103149.0
010 _aA-284688
020 _c75.00
035 _aA-284688
037 _bCen Lib/Ret
040 _aDPL
_bHN
082 _a
_bवैदकृ
100 _aवैद, कृष्ण बलदेव
_96009
245 _aआलाप /
_cकृष्ण बलदेव वैद
246 _aAalaap /
_bby Krishan Baldev Vaid
260 _aनयी दिल्ली
_bराधाकृष्ण प्रकाशन
_c1986
270 _a2/38, अंसारी रोड, दरियागंज
_bनयी दिल्ली
_e110002
300 _a303पृ.
_c21सेमी (सजिल्द)
650 _aसाहित्य--कहानियाँ
_91200
650 _aहिन्दी कहानिया
_9113634
650 _aLiterature--Story
_9113635
650 _aHindi stories
_9113636
942 _2ddc
_cHN
_h
_mवैदकृ
999 _c119861
_d119861